000 00640nam a22002057a 4500
003 DO-SdBNP
005 20171129131918.0
008 171109b 2001 mx ||||| |||| 00| 0 spa d
020 _a9681908635
040 _aBPMSU
_bspa
_cBPMSU
092 _axxxx
_bxxxx
100 1 _aMaggiori, Germán
245 1 0 _aEntre hombres /
_cGermán Maggiori.
260 _aMéxico :
_bAlfaguara,
_c2001.
300 _a335 p. ;
_c22 cm.
586 _aPremio La Resistencia Literatura: Primer Concurso Internacional de Novela por Internet.
942 _2ddc
_cBK
945 _ainventariado extranjero / DG
956 _aLOPEREZ
_b10
_c20171109
_h00041
_iBPMSU
999 _c12829
_d12829